Communes du Grand Paris (Banlieue) - Statistiques

Statistiques générales
  • Ce quiz a été pris 467 fois
  • Le résultat moyen est 49 sur 130
Statistiques - réponses
Ligne de transport principale Réponse % Correct
B,D,13,H Saint-Denis
79%
A Nanterre
73%
1 Neuilly-sur-Seine
73%
12 Aubervilliers
71%
8 Créteil
71%
9,10 Boulogne-Billancourt
68%
13 Clichy
68%
5 Bobigny
67%
C,7 Ivry-sur-Seine
67%
9 Montreuil
66%
4 Montrouge
61%
J Colombes
60%
12,C Issy-les-Moulineaux
60%
3 Levallois-Perret
60%
1 Vincennes
60%
B Antony
58%
13 Saint-Ouen-sur-Seine
57%
C Vitry-sur-Seine
57%
B Aulnay-sous-Bois
56%
7 La Courneuve
56%
7 Villejuif
56%
E Noisy-le-Sec
55%
13 Asnières-sur-Seine
54%
E Pantin
54%
B Bagneux
53%
3 Bagnolet
53%
L Courbevoie
53%
T2 Puteaux
52%
C Argenteuil
51%
B Drancy
51%
13 Malakoff
51%
C,T7 Orly
51%
A Rueil-Malmaison
51%
A Fontenay-sous-Bois
49%
L Saint-Cloud
49%
C Gennevilliers
48%
11 Les Lilas
48%
A Saint-Maur-des-Fossés
48%
N Clamart
47%
E Bondy
46%
B Sevran
45%
N Vanves
45%
L Suresnes
44%
D Alfortville
43%
L Bois-Colombes
43%
15 Champigny-sur-Marne
43%
13 Châtillon
43%
B Arcueil
42%
7 Le Kremlin-Bicêtre
42%
D Maisons-Alfort
42%
E Rosny-sous-Bois
42%
8 Charenton-le-Pont
41%
N Sèvres
41%
B Bourg-la-Reine
40%
C Choisy-le-Roi
40%
B Le Blanc-Mesnil
40%
1 Saint-Mandé
40%
B Cachan
39%
N Meudon
39%
B Le Bourget
38%
E Nogent-sur-Marne
38%
L La Garenne-Colombes
37%
T7 Rungis
37%
B Sceaux
37%
T1 Villeneuve-la-Garenne
37%
C Épinay-sur-Seine
36%
A Noisy-le-Grand
36%
D Stains
36%
B Gentilly
34%
A Joinville-le-Pont
34%
E Le Raincy
34%
16 Clichy-sous-Bois
33%
C Juvisy-sur-Orge
33%
7bis Le Pré-Saint-Gervais
33%
A Neuilly-Plaisance
33%
A Neuilly-sur-Marne
33%
11 Romainville
33%
B Villepinte
33%
16 Montfermeil
32%
N Chaville
31%
L Garches
31%
aucune (8) Saint-Maurice
31%
T7 Thiais
31%
D Villeneuve-Saint-Georges
31%
E Gagny
30%
B Le Plessis-Robinson
30%
14 L'Haÿ-les-Roses
30%
D Pierrefitte-sur-Seine
29%
B Tremblay-en-France
29%
B Livry-Gargan
28%
H Villetaneuse
28%
C,T7 Athis-Mons
27%
A Boissy-Saint-Léger
27%
T1 L'Île-Saint-Denis
27%
A Bry-sur-Marne
26%
TvM Fresnes
26%
L Vaucresson
26%
E Villemomble
26%
T10 Châtenay-Malabry
25%
A Sucy-en-Brie
25%
T11 Dugny
24%
L Marnes-la-Coquette
24%
E Villiers-sur-Marne
24%
A Bonneuil-sur-Marne
23%
14 Chevilly-Larue
23%
E Le Perreux-sur-Marne
23%
C Ablon-sur-Seine
22%
L Ville-d'Avray
22%
C Villeneuve-le-Roi
21%
T6 Fontenay-aux-Roses
20%
T4 Les Pavillons-sous-Bois
20%
A Chennevières-sur-Marne
19%
Câble A Limeil-Brévannes
18%
C Savigny-sur-Orge
18%
Câble A Valenton
18%
E Le Plessis-Trévise
17%
D Viry-Châtillon
17%
aucune Coubron
16%
E Gournay-sur-Marne
16%
aucune Vaujours
16%
aucune La Queue-en-Brie
15%
aucune Ormesson-sur-Marne
15%
T7 Paray-Vieille-Poste
15%
aucune Villecresnes
15%
aucune Mandres-les-Roses
13%
aucune Périgny
12%
aucune Santeny
12%
aucune Noiseau
11%
aucune Morangis
10%
aucune Marolles-en-Brie
9%
Aucun quiz correspondant
Distribution des résultats
% des personnes avec chaque résultat
Percentile par nombre de réponses
Votre historique - résultats
Vous n’avez pas pris ce quiz